000 00293nam a22001217a 4500
020 _a9788120343696
082 _a070.4
100 _aJames Glen Stovall
245 _aJournalism who, what, when, where, why and how
260 _aNew Delhi
_bPHI learning
_c2011
300 _a504p
942 _cBK
999 _c2765
_d2765